|
|
|
|
| LEADER |
00000nam a2200000 a 4500 |
| 001 |
vtls001516781 |
| 003 |
SK-MaSNL |
| 005 |
20260302073900.0 |
| 008 |
251029s1967 xr 000 0 cze |
| 040 |
|
|
|a SNK
|b slo
|c SNK
|e AACR2
|
| 041 |
0 |
|
|a cze
|
| 044 |
|
|
|a xr
|c CZ
|
| 080 |
|
|
|a 78.087.68
|2 1981
|
| 080 |
|
|
|a 78:061
|2 1981
|
| 080 |
|
|
|a 373.3
|2 1981
|
| 080 |
|
|
|a (035)
|2 1981
|
| 100 |
1 |
|
|a Stašek, Čestmír,
|d 1926-
|4 aut
|9 186799
|
| 245 |
1 |
0 |
|a Pěvecký soubor na ZDŠ
|c Čestmír Stašek
|
| 250 |
|
|
|a 1. vyd.
|
| 260 |
|
|
|a Praha
|b Supraphon
|c 1967
|
| 300 |
|
|
|a 148 s.
|b lit., noty
|c 21 cm
|
| 366 |
|
|
|e 1 500 výt.
|
| 490 |
1 |
|
|a Comenium musicum
|v 5
|
| 650 |
0 |
7 |
|a zborový spev
|2 SNKPH
|9 3196
|
| 650 |
0 |
7 |
|a spevácke zbory
|2 SNKPH
|9 3197
|
| 650 |
0 |
7 |
|a základné školy
|2 SNKPH
|9 1280
|
| 655 |
|
7 |
|a príručky
|2 SNKPH
|9 74364
|
| 830 |
|
0 |
|a Comenium musicum
|9 508940
|
| 852 |
|
|
|a Štátna vedecká knižnica v Banskej Bystrici
|
| 958 |
|
|
|a OND
|
| 999 |
|
|
|c 1162710
|d 1164640
|
| 952 |
|
|
|a SNK
|b SNK
|y VYP
|7 0
|p 17A0459696
|o snkID 45547
|i snkKIP 1009/68
|3 Rekatalogizácia
|0 0
|1 0
|4 0
|d 2005-03-02
|l 0
|r 2026-02-24 20:38:39
|w 2026-02-24
|